| 000 | 00566nam a2200169Ia 4500 | ||
|---|---|---|---|
| 005 | 20250424120255.0 | ||
| 008 | 250424s9999 xx 000 0 und d | ||
| 022 | _a14677954 | ||
| 050 | _aK 60 .C6/ | ||
| 245 | 0 | _aJournal of conflict & security law | |
| 260 | _aEngland | ||
| 260 | _bOxford University Press | ||
| 260 | _c2015 | ||
| 300 | _a163 p. :ill. ; 23 cm. | ||
| 650 | _aWar (International law)--Periodicals. Humanitarian law--Periodicals. Pacific settlement of international disputes--Periodicals. Security, International--Periodicals. | ||
| 942 | _cSR | ||
| 999 |
_c38374 _d38374 |
||